00453cam a2200169ua 450000100060000000800390000604000090004508200080005410000370006224500560009925000120015526000340016730000100020165300260021165300180023770000280025510335180404n ii |||gr||||Z||||||asm cMAIN a351 aDas, Mrigendra Narayan,eAuthor. aPublic administration (A)cBy Mrigendra Narayan Das a5th ed. aJorhat:bBidya bhawan,c2016. a421p. aPublic administration aLok prashasan aGohain, Nabin,eAuthor.